El plan infinito /
সংরক্ষণ করুন:
| প্রধান লেখক: | |
|---|---|
| বিন্যাস: | গ্রন্থ |
| ভাষা: | Spanish |
| প্রকাশিত: |
Buenos Aires :
Editorial Sudamericana,
c1991.
|
| বিষয়গুলি: | |
| ট্যাগগুলো: |
ট্যাগ যুক্ত করুন
কোনো ট্যাগ নেই, প্রথমজন হিসাবে ট্যাগ করুন!
|
MARC
| LEADER | 00000nam a2200000 a 4500 | ||
|---|---|---|---|
| 001 | 1094268 | ||
| 005 | 20150317042429.0 | ||
| 008 | 920406s1991 ag 000 f spa | ||
| 020 | |a 9500707241 | ||
| 040 | |a DLC |c DLC |d CRU CIICLA | ||
| 082 | 0 | 0 | |a Ch863.4 |2 20 |b A467pl |
| 100 | 1 | |a Allende, Isabel |d 1942- | |
| 245 | 1 | 3 | |a El plan infinito / |c Isabel Allende. |
| 260 | |a Buenos Aires : |b Editorial Sudamericana, |c c1991. | ||
| 300 | |a 359 páginas | ||
| 650 | 1 | 4 | |a LITERATURA CHILENA |v NOVELA |
| 942 | |2 ddc |c BK | ||
| 999 | |c 4002 |d 4002 | ||



